Rusko znižuje odvody

Začiatok reforiem v Rusku - daňové reformy - schválenie balíka návrhov daňových zákonov. Ušetrené financie sa môžu využiť na investície alebo zvýšenie miezd. Návrh na zníženie tzv. jednotnej sociálnej dane. Útok na čiernu prácu. Dodatočné ropné príjmy čiastočne zneutralizujú výpadok príjmov štátneho...

Description complète

Enregistré dans:
Détails bibliographiques
Auteur principal: Schönwiesner, Roman
Format: Chapitre de livre
Langue:slovaque
Sujets:
Tags: Ajouter un tag
Pas de tags, Soyez le premier à ajouter un tag!

MARC

LEADER 00000naa$a2200000$$$4500
001 0007607
005 20231009074540.3
041 0 |a slo 
044 |a SK 
245 1 0 |a Rusko znižuje odvody  |c aut. Roman Schönwiesner 
520 |a Začiatok reforiem v Rusku - daňové reformy - schválenie balíka návrhov daňových zákonov. Ušetrené financie sa môžu využiť na investície alebo zvýšenie miezd. Návrh na zníženie tzv. jednotnej sociálnej dane. Útok na čiernu prácu. Dodatočné ropné príjmy čiastočne zneutralizujú výpadok príjmov štátneho rozpočtu. Dôchodková reforma. 
610 2 0 |a reformy daňové 
610 2 0 |a reformy dôchodkové 
610 2 0 |a zaťaženie daňové 
610 2 0 |a ropa 
610 2 0 |a odvody 
610 2 0 |a Rusko 
100 1 |a Schönwiesner, Roman